| 000 | 03539nam a2200337Ia 4500 | ||
|---|---|---|---|
| 005 | 20180208152349.0 | ||
| 008 | 130821s1789 sz fr 1 0 lat | ||
| 040 |
_aCo-BoUCM _bspa _cSandra Yazo _dSandra Yazo |
||
| 041 | 0 | _alat | |
| 082 | 0 | 4 |
_a616 _220 |
| 092 | _aE08N034 | ||
| 100 | 1 |
_aVogel, Rudolph Augustin _d1724-1774 _963607 |
|
| 242 | 0 | 0 |
_aLecciones académicas sobre el diagnóstico y curación de las principales afecciones del cuerpo humano _cde Rodolfo Augusto Vogel _yspa |
| 245 | 1 | 0 |
_cRud. August. Vogel ... _aAcademicae praelectiones de cognoscendis et curandis praecipuis corporis humani affectibus |
| 246 | 1 | 3 | _aPraelect. Academ [Lecciones escolares] |
| 250 | _aEditio nova emendatior ... [Nueva edición más corregida] | ||
| 260 |
_aLausannae Helvetiorum [Lausana] (Suiza) _bImpensis Julii Henrici Pott & Socior. [A expensas de Julio Enrique Pott y asociados] _c1789 |
||
| 300 |
_a2 volúmenes (x, 316 ; 368 páginas) _c20 x 12 cm. |
||
| 500 | _aDetalles físicos: Encuadernación rígida, cartón forrado en pergamino blanco. Tapas con manchas y deterioro en parte inferior de lomos. Guardas. Portada impresa en una sola tinta con un grabado decorativo, con anotación manuscrita de donación. Cenefa y remate. Palabras a los lectores y oyentes. Texto impreso en una sola columna con diversos tipos y tamaños de letra. Parágrafos numerados. Notas de pie de página. Márgenes amplios. Signaturas. Ejemplar en buen estado de conservación | ||
| 505 | 0 | _aV.1: Fiebres: Fiebres continuas e intermitentes ; Fiebre ardiente y fiebre biliosa ; Fiebre de peste ; Fiebre de viruela ; Fiebre de escarlatina ; Fiebre urticaria y fiebre aftosa ; Otalgia ; Oftalmosis ; Anginas ; Perineumonías y pleuritis ; Hepatitis ; Nefritis -- Flujos: Hemorragia nasal ; Hemoptisis ; Flujo hepático ; Flujos menstruales ; Micción dolorosa ; Diarreas ; Disentería ; Incontinencia urinaria ; Diabetes ; Flujo hemorroidal ; Gonorrea ; Polución --V.2: Dolores: Dolor de cabeza, de dientes, de oídos ; Dolor de cólico ; Litiasis renal y vesicular -- Espasmos: Tétanos ; Convulsiones ; Epilepsia ; Tos convulsiva ; Palpitaciones del corazón ; Náuseas ; Hipocondría -- Adinamias: Apoplejía ; Catalepsia ; Ambliopía ; Síncope ; Ahogamiento ; Anorexia ; Extinción de la virilidad ; Esterilidad de las mujeres ; Ronqueras | |
| 506 | _aConsulta en sala | ||
| 546 | _aTexto en latín | ||
| 650 | 7 |
_aDiagnóstico (Medicina) _xObras anteriores a 1800 _913138 |
|
| 650 | 7 |
_aEnfermedades _xObras anteriores a 1800 _97563 |
|
| 650 | 7 |
_aMedicina antigua _919130 |
|
| 690 |
_aMedicina general _919160 |
||
| 700 | 1 |
_aTissot, S.A. _eprólogo _963609 _d1728-1797 _qSamuel Auguste André David |
|
| 856 | 4 | 1 |
_uhttps://books.google.com.co/books?id=0yM1AAAAQAAJ&pg=PR3&dq=Academicae+praelectiones+de+cognoscendis+et+curandis+praecipuis+corporis+humani+affectibus+V.1+1789&hl=es&sa=X&ved=0ahUKEwibtPfgkpfZAhVBylMKHTofBXIQ6AEILzAB#v=onepage&q=Academicae%20praelectiones%20de%20cognoscendis%20et%20curandis%20praecipuis%20corporis%20humani%20affectibus%20V.1%201789&f=false _zDisponible en línea V.1 |
| 856 | 4 | 1 |
_uhttps://books.google.com.co/books?id=hUChsgPvzwgC&pg=PA42&dq=Academicae+praelectiones+de+cognoscendis+et+curandis+praecipuis+corporis+humani+affectibus+1789&hl=es&sa=X&ved=0ahUKEwiG3_L8kJfZAhVC2VMKHQh_CWoQ6AEINzAC#v=onepage&q=Academicae%20praelectiones%20de%20cognoscendis%20et%20curandis%20praecipuis%20corporis%20humani%20affectibus%201789&f=false _zDisponible en línea V.2 |
| 942 |
_cLIBRO _a15 _e1 _2LOCAL _hE08N034 |
||
| 999 |
_c71949 _d71949 |
||